000 00508nam a2200193 4500
020 _a9788197340529
082 _aM3(ITr.)
_bDAM/M
100 _aDamodar Khadse
245 _aMegharagm/
_cby Damodar Khadse
260 _aKozhikkode:
_bPriyatha books,
_c2024.
300 _a384p.
650 _aTranslation Hindi Novel
650 _aNovel Malayalam Translation
650 _aNovel Malayalam
650 _aLiterature Malayalam
650 _aLiterature
700 _aThankamani Amma S(tr.)
942 _cBK
999 _c181750
_d181750